|
|
|
|
| LEADER |
00000nab a2200000 a 4500 |
| 001 |
vtls008408437 |
| 003 |
SK-MaSNL |
| 005 |
20260303192250.0 |
| 008 |
051108c20051108xo drz 0 0slo |
| 038 |
|
|
|a KEVKJB
|
| 040 |
|
|
|a KEVKJB
|b slo
|c KEVKJB
|e AACR2
|
| 041 |
0 |
|
|a slo
|
| 044 |
|
|
|a xo
|c SK
|
| 080 |
|
|
|a 353.2
|2 UDC-MRF-SK2
|
| 245 |
0 |
0 |
|a Z činností Košického samosprávneho kraja 2001-2005
|
| 300 |
|
|
|b Fotogr.
|
| 610 |
2 |
7 |
|a Košický samosprávny kraj (Slovensko).
|b Úrad
|2 kevkjb
|9 30611
|
| 651 |
|
7 |
|a Košice (Slovensko)
|2 kevkjb
|9 18694
|
| 773 |
0 |
|
|t Košický denník Korzár
|g Roč. VIII, č. 258 (8.11.2005)
|x 1335-4566
|
| 773 |
0 |
8 |
|i Príl.
|t Košický samosprávny kraj
|g S.1-4
|
| 852 |
|
|
|a KEVKJB
|b KIS3GCP
|
| 999 |
|
|
|c 2145239
|d 2147169
|